000
00269nam a2200109Ia 4500
008
190216s9999||||xx |||||||||||||| ||und||
100
_a
Shivaram M
245
0
_a
Malayalam-Yathravivaranam-Chalo Delhi
260
_b
Nbs Kottayam
650
_a
Yathravivaranam
942
_c
BK
999
_c
24584
_d
24584